Circulatory physiology : (Record no. 66196)
[ view plain ]
| 000 -LEADER | |
|---|---|
| fixed length control field | 00976nam a2200301 a 4500 |
| 001 - CONTROL NUMBER | |
| control field | 66196 |
| 003 - CONTROL NUMBER IDENTIFIER | |
| rucl marc code | BD-RjUL |
| 005 - DATE AND TIME OF LATEST TRANSACTION | |
| control field | 20211209081517.0 |
| 008 - FIXED-LENGTH DATA ELEMENTS--GENERAL INFORMATION | |
| fixed length control field | 170314s1980 mdua b 001 0 eng |
| 020 ## - INTERNATIONAL STANDARD BOOK NUMBER | |
| International Standard Book Number | 0683078852 |
| 035 ## - SYSTEM CONTROL NUMBER | |
| System control number | (BD-RjUL)66326 |
| 040 ## - CATALOGING SOURCE | |
| Original cataloging agency | DLC |
| Transcribing agency | DLC |
| Modifying agency | BD-RjUL |
| Language of cataloging | eng |
| 041 ## - LANGUAGE CODE | |
| Language code of text/sound track or separate title | eng |
| 060 ## - NATIONAL LIBRARY OF MEDICINE CALL NUMBER | |
| Classification number | WG103 S651c |
| 082 00 - DEWEY DECIMAL CLASSIFICATION NUMBER | |
| Classification number | 612.1 |
| Edition number | 23 |
| Author mark and year | SMC 1980 |
| 100 1# - MAIN ENTRY--PERSONAL NAME | |
| Personal name | Smith, James J. |
| Fuller form of name | (James John), |
| Dates associated with a name | 1914- |
| 9 (RLIN) | 195890 |
| 245 10 - TITLE STATEMENT | |
| Title | Circulatory physiology : |
| Remainder of title | the essentials / |
| Statement of responsibility, etc. | James J. Smith, and John P. Kampine. |
| 260 ## - PUBLICATION, DISTRIBUTION, ETC. (IMPRINT) | |
| Place of publication, distribution, etc. | Baltimore : |
| Name of publisher, distributor, etc. | Williams & Wilkins, |
| Date of publication, distribution, etc. | c1980. |
| 300 ## - PHYSICAL DESCRIPTION | |
| Pagination | xix, 322 p. : |
| Illustrations | ill. ; |
| Size | 23 cm. |
| 504 ## - BIBLIOGRAPHY, ETC. NOTE | |
| Bibliography, etc | Includes bibliographies and index. |
| 650 #0 - SUBJECT ADDED ENTRY--TOPICAL TERM | |
| Topical term or geographic name as entry element | Cardiovascular system. |
| 9 (RLIN) | 195891 |
| Topical term or geographic name as entry element | Blood |
| General subdivision | Circulation. |
| 9 (RLIN) | 195892 |
| Topical term or geographic name as entry element | Cardiovascular system |
| General subdivision | Diseases. |
| 9 (RLIN) | 195893 |
| Topical term or geographic name as entry element | Blood circulation. |
| 9 (RLIN) | 195894 |
| 700 1# - ADDED ENTRY--PERSONAL NAME | |
| Personal name | Kampine, John P., |
| Dates associated with a name | 1934- |
| Relator term | joint author. |
| 942 ## - ADDED ENTRY ELEMENTS (KOHA) | |
| Source of classification or shelving scheme | Dewey Decimal Classification |
| Koha item type | Books |
| Lost status | Source of classification or shelving scheme | Damaged status | Not for loan | Collection code | Permanent Location | Current Location | Shelving location | Date acquired | Source of acquisition | Total Checkouts | Full call number | Date last seen | Copy number | Koha item type |
|---|---|---|---|---|---|---|---|---|---|---|---|---|---|---|
| Dewey Decimal Classification | Not For Loan | Non-fiction | Central Library, University of Rajshahi | Central Library, University of Rajshahi | Reading Room | 10/12/1990 | Canada | 612.1 SMC 1980 | 14/03/2017 | C-1 | Books |